| 000 | 00763nam a22002297a 4500 | ||
|---|---|---|---|
| 999 |
_c52 _d52 |
||
| 003 | AR-CdUCM | ||
| 008 | 190221b ||||| |||| 00| 0 Spa d | ||
| 020 | _a978-987-02-7589-3 | ||
| 040 |
_aMUNICIPALIDAD PROVINCIAL DEL CUSCO _cBIBLIOTECA MUNICIPAL DEL CUSCO |
||
| 082 |
_22ed _a801 / _bS23 |
||
| 100 |
_aSarmiento, Ricardo Aníbal _9254 |
||
| 245 |
_aLlahué huarpe : _bMemorias / |
||
| 260 |
_aBuenos Aires : _bDunken, _c2014. |
||
| 300 |
_a110 paginas _c22 cm |
||
| 505 | _aMemoria huarpe -- Nacimiento de huarpe -- Epitafio huarpe -- Lamento de los desiertos -- Huarpe enamorado... | ||
| 650 |
_aIdentidad _9255 |
||
| 650 |
_aSensacion _9256 |
||
| 650 |
_aDescubrimientos _9257 |
||
| 650 |
_aHistoria _9136 |
||
| 942 |
_2ddc _cLIBROS |
||
| 945 |
_awnts _d2019-02-21 |
||